000 00621nam a2200193Ia 4500
005 20250508161711.0
008 008 250505s9999 xx 000 0 eng d
037 _aTextual
040 _aFEDL
_beng
_cFEDL
041 _aeng
_2eng
084 _a363.7, BRE
_qFEDL
100 _aBrennan Matthew J. Ed.
245 0 _aPeople and their environment : Teachers' curriculum guide to conservation education: Science Grades 7.8.9
260 _aChicago
_bJ.G. Ferguson Publishing Company
_c1969
300 _a162p.
650 _aEnvironmental science
942 _cTEXL
_h363.7, BRE
999 _c1371621
_d1371621